Štúdium bariérových vlastností polymérnych materiálov

Gespeichert in:
Bibliographische Detailangaben
1. Verfasser: Bullová, Barbora
Format: Software Buch
Sprache:Slowakisch
Veröffentlicht: Bratislava STU FCHPT 2010
Online-Zugang:Im OPAC anzeigen
Tags: Tag hinzufügen
Keine Tags, Fügen Sie das erste Tag hinzu!

MARC

LEADER 00000nam a2200000 a 4500
005 20260127134137.0
007 co ugu
008 101021 2010 xo 000 0 slo d
035 |a vtls010181406 
039 9 |y 201010210855  |z mschk03 
040 |a STUSCHK1  |b slo  |c STUSCHK1  |e AACR2 
100 1 |a Bullová, Barbora 
245 1 |a Štúdium bariérových vlastností polymérnych materiálov  |c Barbora Bullová 
260 |a Bratislava  |b STU FCHPT  |c 2010 
300 |a 1 elektronický disk 
500 |a Obháj.: 12.7. 2010 
500 |a Študijný program: technológia polymérnych materiálov 
500 |a Študijný odbor: 5.2.18 chemické technológie 
500 |a Bakalárska práca na CD-ROMe 
500 |a FCHPT, Oddelenie polygrafie a aplikovanej fotochémie 
500 |a Evidenčné číslo: 5453-40400 
910 |a SCHK95 
999 |c 5078  |d 5078